Представление документа в формате MARC21

Поле Инд. ПП Название Значение
Тип записи a
Библиографический уровень m
001 _ Контрольный номер RU\infra-m\znanium\bibl\1192241
005 _ Дата корректировки 20250915104113.4
008 Кодируемые данные 201006s2020 RU g rus u
020 a ISBN 978-5-16-014578-5
020 a ISBN 978-5-16-107076-5
040 a Служба первич. каталог. Общество с ограниченной ответственностью «ЗНАНИУМ»
041 a Код языка текста rus
044 a Код страны публикации RU
080 a Индекс УДК 33(075.8)
084 2 Источник индекса rubbk
a Индекс другой классификации/Индекс ББК 65я73
084 2 Источник индекса okso
a Индекс другой классификации/Индекс ББК 00.05.13
084 2 Источник индекса okso
a Индекс другой классификации/Индекс ББК 38.03.01
084 2 Источник индекса okso
a Индекс другой классификации/Индекс ББК 38.03.07
084 2 Источник индекса okso
a Индекс другой классификации/Индекс ББК 40.03.01
100 1_ a Автор Нуралиев Сиражудин Урцмиевич
q Полное имя Сиражудин Урцмиевич
245 a Заглавие Экономика
b Продолж. заглавия Учебник
c Ответственность Союз рынков России
250 g испр. и доп.
a Основные сведения об издании 2
260 a Место издания Москва
b Издательство ООО "Научно-издательский центр ИНФРА-М"
c Дата издания 2021
300 a Объем 363 с.
520 a Аннотация В учебнике излагаются вопросы эффективного функционирования рыночной экономики, основные задачи и направления развития предприятия в условиях рынка, проблемы планирования хозяйственной деятельности и повышения эффективности использования ресурсов на уровне предприятия. Рассмотрены вопросы макроэкономического равновесия и макроэкономического регулирования рынка, проблемы инфляции и безработицы, особенности кредитно-денежной и налогово-бюджетной политики государства на макроэкономическом уровне.
521 a Примеч. о целев. назн. ВО - Бакалавриат
650 a Основная рубрика Экономика. Бухгалтерский учет. Финансы
x Основная подрубрика Теория и история экономики
700 1_ a Другие авторы Нуралиева Диана Сиражудиновна
q Полное имя Диана Сиражудиновна
852 x Примечание, не предназначенное для пользователя znanium2022
856 4_ a Имя сервера/домена znanium.com
m Помощь ebs_support@infra-m.ru
n Местонахождение сервера НИЦ ИНФРА-М
u URL http://znanium.com/catalog/document?id=365333
z Примечание для пользователя Участвует в КО
856 41 a Имя сервера/домена znanium.com
d Путь /cover/1192
f Электронное имя 1192241.jpg
q Тип электронного формата image/jpeg
u URL https://znanium.com/cover/1192/1192241.jpg